Prechod Bielymi Karpatmi

Bibliographic Details
Main Author: Plichta, Gejza (Author)
Format: Article
Language:Slovak
PhysicalDescription:Fotogr.
Subjects:

MARC

LEADER 00000nab a2200000 ar4500
001 vtls010552419
003 SK-MaSNL
005 20260305040532.0
008 131021c2013 xo ur|p|||||||000 b|slo
038 |a RVGKPD 
040 |a RVGKPD  |b slo  |c RVGKPD  |e AACR2 
041 |a slo 
044 |a xo  |c SK 
080 |a 796.51  |2 1997 
100 1 |a Plichta, Gejza  |4 aut  |9 1614919 
245 1 0 |a Prechod Bielymi Karpatmi  |c Gejza Plichta 
300 |b Fotogr. 
610 2 7 |a Klub Slovenských turistov (Dobšiná, Slovensko)  |2 rvgkpd  |9 1024312 
611 2 7 |a Turistický prechod na počesť SNP  |n (31. :  |d 2013 :  |c Biele Karpaty, Slovensko)  |2 rvgkpd  |9 1620293 
650 0 7 |a pešia turistika  |2 rvgkpd  |9 1059 
651 7 |a Gočovo (Slovensko)  |2 rvgkpd  |9 58511 
651 7 |a Rožňava (Slovensko : okres)  |2 rvgkpd  |9 19215 
773 0 |t Dobšinské noviny  |g Roč. VII, č. 49 (september 2013), s. 8 
852 |a RVGKPD  |b KIS3G 
992 |a RBX 
999 |c 3338939  |d 3340869